Cyclisme - Vainqueurs des 3 Grands Tours - Statistiques

Statistiques générales
  • Ce quiz a été pris 426 fois
  • Le résultat moyen est 6 sur 7
Statistiques - réponses
Période Giro Tour Vuelta Nom % Correct
2011-2018 1 4 2 Christopher Froome
97%
1968-1974 5 5 1 Eddy Merckx
95%
2007-2015 2 2 3 Alberto Contador
90%
1978-1985 3 5 2 Bernard Hinault
89%
2010-2016 2 1 1 Vincenzo Nibali
84%
1957-1964 2 5 1 Jacques Anquetil
71%
1965-1976 3 1 1 Felice Gimondi
26%
Aucun quiz correspondant
Distribution des résultats
% des personnes avec chaque résultat
Percentile par nombre de réponses
Votre historique - résultats
Vous n’avez pas pris ce quiz